000 00631nam a2200241Ia 4500
003 OSt
005 20220926010223.0
006 a|||||r|||| 00| 0
007 ta
008 220923b |||||||| |||| 00| 0 eng d
037 _cGeneral Book
040 _aRTL
_cRTL
_beng
041 _2eng
_aeng
082 _aX6, K8; L9
100 _aVaish M C
_9127134
245 0 _aMonetary theory
250 _a8th
260 _a New Delhi
_bVikas Publishing House India
_c1979
300 _a696p.
_ccm.
650 _aEssays on Credit
_9233190
942 _hX6, K8; L9
_cGB
_2CC
999 _c616747
_d616747